<?xml version="1.0" encoding="UTF-8"?>
<record
    xmlns:xsi="http://www.w3.org/2001/XMLSchema-instance"
    xsi:schemaLocation="http://www.loc.gov/MARC21/slim http://www.loc.gov/standards/marcxml/schema/MARC21slim.xsd"
    xmlns="http://www.loc.gov/MARC21/slim">

  <leader>01599nam a22002057a 4500</leader>
  <datafield tag="999" ind1=" " ind2=" ">
    <subfield code="c">357981</subfield>
    <subfield code="d">357981</subfield>
  </datafield>
  <controlfield tag="003">IT-MiCISF</controlfield>
  <controlfield tag="005">20180904105637.0</controlfield>
  <controlfield tag="008">180904b           ||||| |||| 00| 0 eng d</controlfield>
  <datafield tag="040" ind1=" " ind2=" ">
    <subfield code="c">IT-MiCISF</subfield>
  </datafield>
  <datafield tag="041" ind1=" " ind2=" ">
    <subfield code="a">it</subfield>
  </datafield>
  <datafield tag="100" ind1=" " ind2=" ">
    <subfield code="a">Istituto Giuseppe Toniolo</subfield>
    <subfield code="9">56498</subfield>
  </datafield>
  <datafield tag="245" ind1=" " ind2=" ">
    <subfield code="a">La condizione giovanile in Italia</subfield>
    <subfield code="b">Rapporto Giovani  2018</subfield>
  </datafield>
  <datafield tag="260" ind1=" " ind2=" ">
    <subfield code="a">Bologna</subfield>
    <subfield code="b">Mulino</subfield>
    <subfield code="c">2018</subfield>
  </datafield>
  <datafield tag="300" ind1=" " ind2=" ">
    <subfield code="a">pp. 259</subfield>
  </datafield>
  <datafield tag="500" ind1=" " ind2=" ">
    <subfield code="a">societ&#xE0;, giovane-adulto, lavoro, famiglia, valori</subfield>
  </datafield>
  <datafield tag="520" ind1=" " ind2=" ">
    <subfield code="a">Quanto valgono i giovani italiani? Che valore ha la loro formazione? Quanto sono valorizzati nel mondo del lavoro? Quali sono i valori trasmessi dalle generazioni precedenti? Quanto e come sono interiorizzati e rielaborati dalle nuove generazioni? Quali nuove sensibilit&#xE0;, invece, sono capaci di esprimere? Il confronto multiculturale, l'impegno civile, la dimensione sessuale e riproduttiva, la sfera spirituale, come sono da loro vissuti e interpretati? Oltre ad aggiornare il quadro sulla condizione delle nuove generazioni, su come affrontano gli snodi della transizione alla vita adulta e le implicazioni sociali ed economiche che ne conseguono, la ricerca annuale condotta dall'Osservatorio dell'Istituto Toniolo continua a essere il principale riferimento empirico sul mondo giovanile. La prospettiva longitudinale, la dimensione internazionale, la combinazione tra survey rappresentative e social media data ne fanno un luogo privilegiato di riflessione sulla realt&#xE0; complessa e in continuo mutamento dei giovani italiani ed europei.</subfield>
  </datafield>
  <datafield tag="650" ind1=" " ind2=" ">
    <subfield code="a">societ&#xE0;</subfield>
    <subfield code="9">56109</subfield>
  </datafield>
  <datafield tag="654" ind1=" " ind2=" ">
    <subfield code="a">rapporto</subfield>
  </datafield>
  <datafield tag="942" ind1=" " ind2=" ">
    <subfield code="2">ddc</subfield>
    <subfield code="c">BK</subfield>
  </datafield>
  <datafield tag="952" ind1=" " ind2=" ">
    <subfield code="0">0</subfield>
    <subfield code="1">0</subfield>
    <subfield code="2">ddc</subfield>
    <subfield code="4">0</subfield>
    <subfield code="6">B_7482_000000000000000</subfield>
    <subfield code="7">1</subfield>
    <subfield code="a">CISF</subfield>
    <subfield code="b">CISF</subfield>
    <subfield code="d">2018-09-04</subfield>
    <subfield code="l">0</subfield>
    <subfield code="o">b7482</subfield>
    <subfield code="p">9788815275486</subfield>
    <subfield code="r">2018-09-04 00:00:00</subfield>
    <subfield code="w">2018-09-04</subfield>
    <subfield code="y">BK</subfield>
  </datafield>
</record>
